| 000 | 01143nam1a22002651i 4500 | ||
|---|---|---|---|
| 001 | rc\2872144 | ||
| 005 | 20240726103358.0 | ||
| 035 | _a(NLR Aleph) 007025444 | ||
| 090 |
_a5950424 _c5950424 |
||
| 100 | _a20110714d1931 |||y0rusy50 ca | ||
| 101 | 0 | _arus | |
| 102 | _aRU | ||
| 105 | _ay z ||||| | ||
| 200 | 1 |
_aАнглийские рассказы и очерки из области науки и техники _fСоставили по америк. источникам С. Волкова и А. Милашевская _gАлександра Георгиевна Милашевская |
|
| 210 |
_a[Москва] _cЦентриздат _d1931 _eЛенинград _gТип. "Коминтерн" |
||
| 215 | _d15×11 см | ||
| 300 | _aНа обл. составители указаны перед загл. | ||
| 300 | _aПредисловие: С. Толстой | ||
| 700 | 1 |
_aВолкова _bС.С. |
|
| 702 | 1 |
_aМилашевская _bА.Г. _gАлександра Георгиевна _4340 |
|
| 702 | 1 |
_aТолстой _bС. _4080 |
|
| 801 | 0 |
_aRU _bNLR _gpsbo |
|
| 801 | 1 |
_aRU _bELAR _2rusmarc |
|
| 852 |
_aNLR _j31-15/151 |
||
| 942 | _cBOOK | ||